000 00700nam a2200217Ia 4500
003 GCL
008 140319s9999 xx 000 0 ara d
040 _aGCL /
_cGCL
082 0 4 _a889.03
_bت م
100 1 _aلويس عوض
245 1 0 _aمغامرات حمامة تطير كالسهم /
_cلويس عوض
700 1 _aنعيم عطية
700 1 _aتوسيتسا، ايفا نجيلوس افيروف
300 _a213 ص
490 _aمن روائع الادب اليونانىالمعاصر
_v0
650 0 4 _aالادب اليونانى
650 0 4 _aالادب
650 0 4 _aالقصص اليونانية
650 0 4 _aالادب اليونانى المترجم
942 _2ddc
_cBK
999 _c47411
_d47411